000 01010nam0a2200277 4500
001 RU\NLR\cart\3638
005 20250617203943.0
010 _a5-94377-010-0
035 _a(NLR Aleph) 004273749
090 _a2283389
_c2283389
100 _a20050803d2005 |||y0rusy50 ca
101 1 _aeng
_crus
102 _aRU
105 _aa f 001yy
120 _abyy xx||
200 1 _aRussian military mapping
_bКарты
_eA Guide to Using the Most Comprehensive Source of Global Geospatial Intelligence
210 _aMinneapolis
_cEast View Cartographic
_d2005
215 _a1 т. (187 с.)
_cтекст, табл., указ.
_d21х15 см
300 _aПер. изд.: Псарев А.А. Справочник офицера по топографическим и специальным картам.- М.: УНИИНТЕХ
620 _aUSA
702 1 _aПсарев
_bА. А.
_4070
801 0 _aRU
_bNLR
_c20050803
_gPSBO
852 _aNLR
_bК
_jТекст/851
_m84394
942 _cBOOK
980 _aNB